LIBRARY & INFORMATION CENTRE, KCAET, TAVANUR

ONLINE PUBLIC ACCESS CATALOGUE (OPAC)

Problems of the New Commonwealth / (Record no. 423)

MARC details
000 -LEADER
fixed length control field 00451cam a2200169ua 4500
041 ## - LANGUAGE CODE
Language code of text/sound track or separate title eng
082 ## - DEWEY DECIMAL CLASSIFICATION NUMBER
Classification number 941.712 41
Item number JEN/PR
100 ## - MAIN ENTRY--AUTHOR NAME
Personal name Jennings, Ivor .
245 ## - TITLE STATEMENT
Title Problems of the New Commonwealth /
260 ## - PUBLICATION, DISTRIBUTION, ETC. (IMPRINT)
Place of publication London :
Name of publisher Duke University Commonwealth Studies Center ,
Year of publication 1958.
300 ## - PHYSICAL DESCRIPTION
Number of Pages 114 ; .
942 ## - ADDED ENTRY ELEMENTS (KOHA)
Koha item type Books
Holdings
Withdrawn status Lost status Damaged status Home library Current library Date acquired Full call number Accession Number Koha item type
Withdrawn     KAUAET Sanskrit University 07/04/2012 941.712 41 681 Books
free website counter